LEADER 00732nam0-22002771i-450- 001 990003343600403321 005 20001010 035 $a000334360 035 $aFED01000334360 035 $a(Aleph)000334360FED01 035 $a000334360 100 $a20001010d--------km-y0itay50------ba 101 0 $aita 105 $ay-------001yy 200 1 $a<>last chronicle of Barset 210 $aLONDON$cEVERYMAN'S LIBRARY$d1970 676 $a044 700 1$aTrollope,$bAnthony$f<1815-1882>$0166255 801 0$aIT$bUNINA$gRICA$2UNIMARC 901 $aBK 912 $a990003343600403321 952 $a044 TRO /3$bLINGUE 2170$fDECLI 959 $aDECLI 996 $aLast chronicle of Barset$999861 997 $aUNINA DB $aING01 LEADER 00939nam0-2200301 --450 001 9910256260503321 005 20180214100027.0 010 $a978-88-575-3292-9 020 $aIT$b2016-7957 100 $a20180213d2015----kmuy0itay5050 ba 101 1 $aita 102 $aIT 105 $a 001yy 200 1 $aRelazioni internazionali$efondamenti e prospettive sociopolitiche del sistema internazionale contemporaneo$fKen Booth$ga cura di Giuseppe Anzera 210 $aMilano$aUdine$cMimesis$d2015 215 $a134 p.$d21 cm 225 1 $aMimesis. Sociologie$v22 610 0 $aRelazioni internazionali$aTeorie 676 $a327.101$v23$zita 700 1$aBooth,$bKen$0266585 702 1$aAnzera,$bGiuseppe 801 0$aIT$bUNINA$gREICAT$2UNIMARC 901 $aBK 912 $a9910256260503321 952 $aCOLLEZ. 2499 (22)$b1487/2017$fFSPBC 959 $aFSPBC 996 $aRelazioni internazionali$91504290 997 $aUNINA LEADER 01811nam 22005895u 450 001 9910158702103321 005 20211006144752.0 010 $a9783318042375 010 $a3318042374 035 $a(CKB)3780000000101148 035 $a(OCoLC)968642563 035 $a(SZ-BaSKA)221410 035 $a(MiAaPQ)EBC31867015 035 $a(Au-PeEL)EBL31867015 035 $a(EXLCZ)993780000000101148 100 $a20211006d1987 uy 0 101 0 $aeng 135 $aurunu||||| 181 $ctxt$2rdacontent 182 $cc$2rdamedia 183 $acr$2rdacarrier 200 10$aApplied Nutritional Principles in Health and Disease / $f editor, G.H. Bourne 205 $a1st ed. 210 $aBasel : $cS. Karger, $d1987 215 $a1 online resource (X + 302 pages) : $c 52 figures, 44 tables 225 1 $aIssn Series 311 08$a9783805546812 311 08$a3805546815 327 $a978-3-8055-4681-2_Cover -- 978-3-8055-4681-2_00I -- 978-3-8055-4681-2_001 -- 978-3-8055-4681-2_028 -- 978-3-8055-4681-2_069 -- 978-3-8055-4681-2_171 -- 978-3-8055-4681-2_218 -- 978-3-8055-4681-2_297. 410 0$aIssn Series 606 $aNutrition 606 $aMetabolic Diseases 606 $aBiochemistry 606 $aDietetics 606 $aPediatrics 606 $aPublic Health 615 14$aNutrition 615 14$aMetabolic Diseases 615 24$aBiochemistry 615 24$aDietetics 615 24$aPediatrics 615 24$aPublic Health 676 $a612.3 s 676 $a613.2 700 $aBourne$b G.H 701 $aBourne$b Geoffrey H$g(Geoffrey Howard),$f1909-1988.$063248 801 0$bUKSKG 801 1$bUKSKG 906 $aBOOK 912 $a9910158702103321 996 $aApplied Nutritional Principles in Health and Disease$92858627 997 $aUNINA